Statistiken für Darts PDC Spieler des Jahres

Klicken Sie hier um das Quiz zu spielen!

Allgemein

  • Dieses Quiz wurde 425 mal gespielt
    (109 seit der letzten Aktualisierung)
  • Das Durchschnittsergebnis liegt bei 18 aus 19

Antwortstatistiken

JahrNationSpieler% Korrekt
2015NiederlandeMichael van Gerwen
100%
2013NiederlandeMichael van Gerwen
100%
2016NiederlandeMichael van Gerwen
100%
2017NiederlandeMichael van Gerwen
100%
2018NiederlandeMichael van Gerwen
100%
2019NiederlandeMichael van Gerwen
100%
2020WalesGerwyn Price
99%
2006EnglandPhil Taylor
98%
2008EnglandPhil Taylor
98%
2009EnglandPhil Taylor
98%
2010EnglandPhil Taylor
98%
2011EnglandPhil Taylor
98%
2012EnglandPhil Taylor
98%
2022EnglandMichael Smith
97%
2021SchottlandPeter Wright
96%
2015SchottlandGary Anderson
95%
2014SchottlandGary Anderson
95%
2023EnglandLuke Humphries
95%
2007EnglandJames Wade
47%

Verteilung der Resultate

Perzentil nach korrekt beantworteten Fragen

Anzahl Personen mit jedem Resultat

Ihre Resultats-Entwicklung

Sie haben dieses Quiz seit der letzten Aktualisierung nicht gespielt